| 000 -LEADER |
| fixed length control field |
00691pam a2200205 a 4500 |
| 020 ## - INTERNATIONAL STANDARD BOOK NUMBER |
| ISBN |
0803944640 |
| 020 ## - INTERNATIONAL STANDARD BOOK NUMBER |
| ISBN |
0803944659 (pbk.) |
| 040 ## - CATALOGING SOURCE |
| Transcribing agency |
DLC |
| 082 00 - DEWEY DECIMAL CLASSIFICATION NUMBER |
| Classification number |
306 SAG 1992 A066 Or. |
| 100 1# - MAIN ENTRY--AUTHOR NAME |
| Personal name |
Stiles, William B., |
| 245 10 - TITLE STATEMENT |
| Title |
Describing talk : |
| Remainder of title |
a taxonomy of verbal response modes / |
| 260 ## - PUBLICATION, DISTRIBUTION, ETC. (IMPRINT) |
| Place of publication |
Newbury Park : |
| Name of publisher |
Sage Publications, |
| Year of publication |
c1992. |
| 300 ## - PHYSICAL DESCRIPTION |
| Number of Pages |
x, 238 p. ; |
| Dimensions |
23 cm. |
| 490 1# - SERIES STATEMENT |
| Series statement |
Sage series in interpersonal communication ; |
| 650 #0 - SUBJECT ADDED ENTRY--TOPICAL TERM |
| Topical Term |
Interpersonal communication. |
| 650 #0 - SUBJECT ADDED ENTRY--TOPICAL TERM |
| Topical Term |
Verbal behavior |
| 856 42 - ELECTRONIC LOCATION AND ACCESS |
| Uniform Resource Identifier |
http://www.loc.gov/catdir/enhancements/fy0655/92007523-d.html |
| 856 41 - ELECTRONIC LOCATION AND ACCESS |
| Uniform Resource Identifier |
http://www.loc.gov/catdir/enhancements/fy0655/92007523-t.html |
| 942 ## - ADDED ENTRY ELEMENTS (KOHA) |
| Koha item type |
សៀវភៅភាសាអង់គ្លេស |
| 952 ## - LOCATION AND ITEM INFORMATION (KOHA) |
| Withdrawn status [LOCAL, KOHA] |
0 |